Innovation and knowledge creation in an open economy : Canadian industry and international implications
The book analyzes how manufacturing firms bring new and improved products and production processes to the market. It examines sources of innovative ideas and technologies; the role of R&D activity; the use of patent protection and other government policies; and the effect of innovation on employ...
Zapisane w:
| 1. autor: | |
|---|---|
| Format: | Książka |
| Język: | Undetermined |
| Wydane: |
Cambridge, UK
Cambridge University Press
2003
|
| Hasła przedmiotowe: | |
| Etykiety: |
Dodaj etykietę
Nie ma etykietki, Dołącz pierwszą etykiete!
|
| Thư viện lưu trữ: | Trung tâm Học liệu Trường Đại học Cần Thơ |
|---|
| LEADER | 01553nam a2200241Ia 4500 | ||
|---|---|---|---|
| 001 | CTU_166943 | ||
| 008 | 210402s9999 xx 000 0 und d | ||
| 020 | |c 135 | ||
| 082 | |a 338.0640971 | ||
| 082 | |b B181 | ||
| 100 | |a Baldwin, John Russel | ||
| 245 | 0 | |a Innovation and knowledge creation in an open economy : | |
| 245 | 0 | |b Canadian industry and international implications | |
| 245 | 0 | |c John R. Baldwin, Petr Hanel | |
| 260 | |a Cambridge, UK | ||
| 260 | |b Cambridge University Press | ||
| 260 | |c 2003 | ||
| 520 | |a The book analyzes how manufacturing firms bring new and improved products and production processes to the market. It examines sources of innovative ideas and technologies; the role of R&D activity; the use of patent protection and other government policies; and the effect of innovation on employment and various performance indicators such as profitability and export performance. It reveals how these processes differ between small and large firms; domestic and multinationals, and across industries. Although the primary focus is on Canadian manufacturing firms, the results are adjusted to reflect recent empirical studies from other industrialized countries. | ||
| 650 | |a Manufacturing industries,Công nghiệp sản xuất,Technological innovations,Đổi mới công nghệ | ||
| 650 | |x Technological innovations,Đổi mới công nghệ,Management,Quản lý | ||
| 650 | |z Canada,Canada,Canada,Canada | ||
| 904 | |i Trọng Hiếu | ||
| 980 | |a Trung tâm Học liệu Trường Đại học Cần Thơ | ||